Manual práctico de educación ambiental: (Registro nro. 6913)
[ vista simple ]
| 000 -CABECERA | |
|---|---|
| Campo de control | 01219nam a2200313 a 4500 |
| 005 - FECHA Y HORA DE LA ULTIMA TRANSACCION | |
| Campo de control | 20160225175900.0 |
| 008 - ELEMENTOS DE LONGITUD FIJA—INFORMACION GENERAL | |
| Campo de control | 150210s1995 ec a gr|||| 000 0 spa d |
| 040 ## - FUENTE DE CATALOGACIÓN | |
| Agencia catalogadora original | CO-BoIAVH |
| Agencia transcriptora | CO-BoIAVH |
| 041 0# - IDIOMA | |
| Código de idioma para texto/pista de sonido o título separado | Español |
| 044 ## - PAÍS DE PUBLICACIÓN | |
| País de publicación | Ecuador |
| 082 04 - NUMERO DE CLASIFICACION DECIMAL DEWEY | |
| Número de clasificación | 372.357 |
| Número del ítem | G64m |
| 100 1# - ASIENTO PRINCIPAL--NOMBRE PERSONAL | |
| Nombre personal | González Calderón, Elia Carmita |
| 9 (RLIN) | 32868 |
| 245 10 - MENCION DE TITULO | |
| Título | Manual práctico de educación ambiental: |
| Parte restante del título | Parque Nacional Podocarpus |
| 260 ## - PUBLICACION, DISTRIBUCION, ETC. (PIE DE IMPRENTA) | |
| Lugar de publicación, distribución, etc. | Loja: |
| Nombre del editor, distribuidor, etc. | Fundación Ecológica Arcoiris, |
| Fecha de publicación, distribución, etc. | 1999. |
| 300 ## - DESCRIPCION FISICA | |
| Extensión | 89 páginas : |
| Otros detalles físicos | Ilustraciones ; |
| Dimensiones | 28 x 21 cm. |
| 500 ## - NOTA GENERAL | |
| Nota general | Incluye glosario. |
| 504 ## - NOTA DE BIBLIOGRAFIA, ETC. | |
| Nota de bibliografía | Incluye referencias bibliográficas: página 89. |
| 505 ## - NOTA DE CONTENIDO | |
| Nota de contenido | Un. 1 La Naturaleza y los seres humanos.<br/> |
| 505 ## - NOTA DE CONTENIDO | |
| Nota de contenido | Un. 2 El parque Nacional Podocarpus (PNP).<br/> |
| 505 ## - NOTA DE CONTENIDO | |
| Nota de contenido | Un. 3 El agua, el suelo y el aire... recursos que dan vida.<br/> |
| 505 ## - NOTA DE CONTENIDO | |
| Nota de contenido | Un. 4 Plantas y Animales, generadores de vida.<br/> |
| 505 ## - NOTA DE CONTENIDO | |
| Nota de contenido | Un. 5 Talleres, Poesía y Dinámicas. |
| 650 14 - ASIENTO SECUNDARIO DE MATERIA - TERMINO TEMATICO | |
| Término temático o nombre geográfico como elemento de entrada | Educación ambiental |
| Subdivisión de forma | manuales |
| Subdivisión geográfica | Ecuador |
| 9 (RLIN) | 62770 |
| 650 24 - ASIENTO SECUNDARIO DE MATERIA - TERMINO TEMATICO | |
| Término temático o nombre geográfico como elemento de entrada | Educación ambiental |
| Subdivisión geográfica | Ecuador |
| Subdivisión general | Talleres |
| 9 (RLIN) | 62771 |
| 650 24 - ASIENTO SECUNDARIO DE MATERIA - TERMINO TEMATICO | |
| Término temático o nombre geográfico como elemento de entrada | Parques Nacionales Naturales |
| 9 (RLIN) | 62772 |
| 700 1# - ASIENTO SECUNDARIO - NOMBRE PERSONAL | |
| Nombre personal | Hualpa Erazo, Angel Mario |
| 9 (RLIN) | 32870 |
| 700 1# - ASIENTO SECUNDARIO - NOMBRE PERSONAL | |
| Nombre personal | Morán S., Mercedes |
| 9 (RLIN) | 32871 |
| 942 ## - ELEMENTOS ADICIONALES (KOHA) | |
| Tipo de ítem | Libro |
| Sistema de clasificación | Dewey Decimal Classification |
| Withdrawn status | Lost status | Sistema de Clasificación | Damaged status | No para préstamo | Colección | Inventariado | Ubicación Permanente | Ubicación actual | Fecha de adquisición | Valor | Total Checkouts | Número topográfico | Inventario / Código de Barras | Date last seen | Ejemplar | Price effective from | Forma de adquisición | Tipo de material |
|---|---|---|---|---|---|---|---|---|---|---|---|---|---|---|---|---|---|---|
| Dewey Decimal Classification | General | Inventariado 2017 | Bogotá | Bogotá | 05/06/2009 | 39000.00 | LB-372.357 G64m | 027154 | 04/12/2012 | Ej. 1 | 04/12/2012 | Libro | ||||||
| Dewey Decimal Classification | General | Inventariado 2017 | Bogotá | Bogotá | 09/07/2015 | 39000.00 | LB-372.357 G64m | 038926 | 09/07/2015 | Ej. 2 | 09/07/2015 | Canje | Libro |